| 000 | 01880nam2a2200253 4500 | ||
|---|---|---|---|
| 001 | RU\NLR\BIBL_A\010553531 | ||
| 005 | 20250614070907.0 | ||
| 010 |
_a978-5-7473-0704-9 _9100 |
||
| 021 |
_aRU _b2014-73117 _94477 |
||
| 035 | _a(NLR Aleph) 010553531 | ||
| 090 |
_a10348157 _c10348157 |
||
| 100 | _a20141203d2014 |||y0rusy50 ca | ||
| 101 | 0 | _arus | |
| 102 | _aRU | ||
| 105 | _aa|||j|||000yy | ||
| 200 | 1 | _aСтатически определимые системы | |
| 210 |
_d2014 _aБ. м. |
||
| 215 |
_a151 с. _cил. |
||
| 461 | 0 |
_1001RU\NLR\BIBL_A\010651240 _12000#$aСтроительная механика$eучебно-методическое пособие$eв 2 ч.$fЛ. Ю. Кузьмин, В. Н. Сергиенко$gФедер. агентство ж.-д. транспорта, Федер. гос. бюджет. образоват. учреждение высш. проф. образования "Моск. гос. ун-т путей сообщения", Рос. открытая акад. транспорта$vЧ. 1 _1700#1$aКузьмин$bЛ. Ю.$cканд. техн. наук, строительство$gЛеонид Юрьевич$3RU\NLR\AUTH\770137241 _910705283 _aКузьмин, Л. Ю. (канд. техн. наук, строительство) _cМосква _d2014 _fЛ. Ю. Кузьмин, В. Н. Сергиенко _nМосковский государственный университет путей сообщения _oучебно-методическое пособие : в 2 ч. _tСтроительная механика _y9785747307032 _vЧ. 1 |
|
| 606 | 1 |
_aСтатически определимые системы _jУчебно-методические пособия для высших учебных заведений _91928915 _3RU\NLR\AUTH\66880582 |
|
| 942 | _cBOOK | ||
| 980 | _aNB | ||